Quizzes
Events
Quiz Creation
Community
Videos
Private Events
Remove Ads
Sign In
Join for FREE
Feedback
Dark Mode
Quiz Categories
Sports
Geography
Music
Movies
Television
Just For Fun
Miscellaneous
History
Literature
Language
Science
Gaming
Entertainment
Religion
Holiday
For Kids
Quiz Lab
Recent
Popular Today
Quiz Kudos Today
Editor Picks
Curator Picks
Quizzes by...
Day
Popularity
Type
Ratings
Length
Year
Community
Subscriptions
Recent Discussions
Orange Saloon
Badges
Playlists
Quests
Create
Leaderboards
Showdown
Live 5
Trivia Bingo
Activity
Puzzle Library
Sporcle Events
Private Events
Virtual Trivia
Globe League
Become a Host
Pub Owners
SporcleCon
Opinionation
Our Games
Videos
Blog
Mobile Apps
Partnerships
Remove Ads and Go Orange
Feedback
Geography
Country
Landmarks
City
State
Population
World
Capital
Continent
Flags
Europe
Africa
Asia
South America
North America
Oceania
Border
Canada
United Kingdom
Topography
United States
Geography
Country
Landmarks
City
State
Population
World
Capital
Continent
Flags
Europe
Africa
Asia
South America
North America
Oceania
Border
Canada
United Kingdom
Topography
United States
Random Quiz
Search Sporcle
×
Quiz Lab
Quiz Lab
Geography
State
Select answers by clicking on text or image buttons
Select answers by clicking on text or image buttons
Clickable
Best Score? Go Orange.
Do they Border? Stats
Can you pick the geographical features which border each other?
By
save_ferris15
10m
15 Questions
191 Plays
191 Plays
191 Plays
Comments
Comments
Give Quiz Kudos
Give Quiz Kudos
-
- Ratings
hide this ad
More Info
Random Order
Randomize order of answers
Randomize order of answers
Replay
Link that replays current quiz
Next Quiz
Link to next quiz in quiz playlist
You Got
0%
They Got
Avg Score
62%
Avg Friend Score
Upgrade to see
Score Distribution
Jump to the score distribution portion of the page
Score
0/15
Timer
10:00
0
Plays Today
% Correct
Honduras and Guatemala
73.8%
China and Afghanistan
72.3%
Tibet and India
72.3%
Minneapolis, MN and St. Paul, MN
72.3%
Tennessee and Virginia
71.2%
Botswana and Zambia
67%
Quebec and New York
63.9%
San Diego, CA and Mexico
62.8%
% Correct
Oklahoma and Colorado
61.3%
Turkmenistan and Kazakhstan
58.6%
Northwest Territories and British Columbia
57.6%
Sudan and Central African Republic
56.5%
Bratislava, Slovakia and Austria
55.5%
Raleigh, NC and Durham, NC
49.7%
Rome, Italy and the Mediterranean Sea
40.3%
Quiz Playlist
Details
Report
Send in Message
Add To Playlist
More Info:
For cities, city limits and NOT metropolitan areas are used. River borders are included.
Clickable:
Select answers by clicking on text or image buttons
Random Order:
Randomize order of answers
Last Updated: Feb 16, 2017
Quiz Scoreboard
CHALLENGE
Sign Up to Join the Scoreboard
Show All
Scores
Hide
Comments
May contain spoilers
Recently Published
Decade Duel: World Leaders
by jenniferyan
History
4m
Alphabetical 'K' Countries by Flag Minefield
by ylime102
Geography
3m
Pick 6: Fruits
by JohnFran
Miscellaneous
15s
More to Explore
Quiz From the Vault
Featured Blog Post
15 Basketball Trivia Facts You Can Be March Mad About
hide this ad
You Might Also Like...
Tags
Border Quiz
City Quiz
Clickable Quiz
Country Quiz
State Quiz
ocean
Province
Provinces
Today's Top Quizzes in Geography
Browse Geography
hide this ad
Today's Top Quizzes in State
Browse State
Top Contributed Quizzes in Geography
1
Countries of the World - No Outlines Minefield
2
Pick 6: Mountains
3
Least Populated Answer: 'G' Countries
4
Alphabetical 'L' Countries By Flag Minefield
5
Lietuvos savivaldybės (Lithuanian Municipalities)
6
Alphabetical 'M' Countries By Flag Minefield
7
Pick 6: National Parks
8
Pick 6: US States
9
Blind Ultimate Minefield: Europe
10
'A' Countries In Alphabetical Order by Flag
Explore More
Trending Topics
NBA
Marvel
Disney
Crossword
Anime
Harry Potter
Kpop
WWE
Song
Country
Puzzle
Soccer
The Office
Pokémon
NFL
hide this ad
More By:
save_ferris15
Quiz
Plays
Rating
Category
Featured
Created
Most Populous US Cities Minefield
378,771
3.53
Geography
Apr 23, 2012
Populous US Capitals Minefield
153,613
4.32
Geography
Oct 15, 2011
Populous Cities in Populous States
109,853
4.62
Geography
Aug 28, 2011
Populous Metros Sorting Gallery
103,640
4.27
Geography
Mar 29, 2012
Populous Cities in Populous States II
72,815
4.63
Geography
Sep 1, 2011
Go to Creator's Profile
Score Distribution
Quiz Creator Spotlight
save_ferris15
Follow
Send a Message
Quizzes Created
-
Created Quiz Play Count
-
More By This Creator
Popular Quizzes Today
1
Countries of Asia Without Outlines Minefield
2
Find the US States - No Outlines Minefield
3
Pick 6: Fruits
4
Alphabetical 'K' Countries by Flag Minefield
5
The Countries of the World
6
Find the Countries of Europe - No Outlines Minefield
7
US States
8
Find the US States
More Geography Quizzes
Asia 6 to 1
Published
Trending Quizzes
Pick 6: Mountains
Pick 6: Harry Potter
Pick 6: Flags
Pick 6: NFL Teams
Pick 6: Movie Franchises
Recently Updated
Adaptations: Name the Title
pecheneg
NWSL Teams
pecheneg
Women's Final Four Teams by Year
bhenderson79
Presidents Quartet II
eogle
Anything But Clue(do)
eogle
Anything But Oceanian Capitals
eogle
Anything But 7
eogle
Anything But Thing
eogle
Word Ladder: February 29
pecheneg
Song Title Questions
pecheneg
Trending Topics
Kpop
Marvel
Harry Potter
Crossword
Disney
NBA
Anime
Soccer
NFL
Song
WWE
Country
The Office
Puzzle
Pokémon
Your Account Isn't Verified!
In order to create a playlist on Sporcle, you need to verify the email address you used during registration. Go to your
Sporcle Settings
to finish the process.
Report this User
Report this user for behavior that violates our
Community Guidelines
.
Details:
Send Report
Go to the Sporcle.com Mobile Site →
Comments